[Event "ROM-ch U10"]
[Site "Calimanesti"]
[Date "2014.04.12"]
[Round "8"]
[White "Rudareanu Mihancea, Bernard"]
[Black "Leustean, Andrei"]
[Result "1-0"]
[WhiteElo "1020"]
[BlackElo "1001"]
[PlyCount "45"]
[EventDate "2014.04.06"]
[EventType "swiss"]
[EventRounds "9"]
[EventCountry "ROU"]
[SourceTitle "CBM 160 Extra"]
[Source "ChessBase"]
[SourceDate "2014.07.01"]
[SourceVersion "1"]
[SourceVersionDate "2014.07.01"]
[SourceQuality "1"]

1. e4 c5 2. Nc3 d6 3. Nf3 Nf6 4. Bc4 e6 5. 0-0 Be7 6. d3 0-0 7. Bg5 a6 8. Bxf6 Bxf6 9. h3 Nd7 10. d4 cxd4 11. Nxd4 Qc7 12. Bb3 b5 13. Nde2 Bb7 14. Ng3 Bxc3 15. bxc3 Qxc3 16. Qg4 Ne5 17. Qg5 Nd3 18. cxd3 Qxd3 19. Nh5 g6 20. Nf6+ Kg7 21. Nh5+ Kh8 22. Qf6+ Kg8 23. Qg7# 1-0